000 00285 a2200109 4500
000 nam a22 7a 4500
020 _a9781032599144
100 _aTurjiman, Fadi-AI
_9102
245 _aInternet of Nano things and wireless body area Networks(WBAN)
260 _bCRC
_c2023
264 _bCRC
999 _c35988
_d35988